000 00272nam a22001217a 4500
008 170711b xxu||||| |||| 00| 0 eng d
041 _aeng
080 _a030
100 _a23
101 _aE4NC
245 _a WOMENS STUDIES ENCYCLOPEDIA
_cTERNEY.H
942 _2udc
_cBK
999 _c20233
_d20233